[Event "FIDE World Corporate GpB"]
[Site "New York"]
[Date "2024.06.15"]
[Round "2"]
[White "Li, Ethan"]
[Black "Sargsyan, Tigran R"]
[Result "1-0"]
[WhiteElo "2224"]
[BlackElo "2262"]
[PlyCount "71"]
[EventDate "2024.06.15"]
[EventType "team-swiss (rapid)"]
[EventRounds "10"]
[EventCountry "USA"]
[SourceTitle "CBM 220 Extra"]
[Source "ChessBase"]
[SourceDate "2024.07.31"]
[SourceVersion "1"]
[SourceVersionDate "2024.07.31"]
[SourceQuality "1"]
[WhiteTeam "SIG"]
[BlackTeam "Chessify"]
[WhiteTeamCountry "USA"]
[BlackTeamCountry "USA"]

1. Nf3 g6 2. d4 d6 3. c4 Bg7 4. Nc3 Nd7 5. Rb1 e5 6. d5 a5 7. a3 f5 8. Ng5 Ndf6 9. Nf3 Ne7 10. b4 axb4 11. axb4 b6 12. e3 0-0 13. Be2 Nd7 14. 0-0 h6 15. Qb3 Kh7 16. Nb5 e4 17. Nfd4 Ne5 18. Bb2 Bd7 19. Ra1 Rxa1 20. Rxa1 c5 21. dxc6 Bxc6 22. Nxc6 N7xc6 23. Rd1 Rf6 24. c5 bxc5 25. bxc5 d5 26. Rxd5 Qg8 27. Bd1 Re6 28. Nd6 Re7 29. h3 Rd7 30. Rd2 g5 31. Qxg8+ Kxg8 32. Bb3+ Kh7 33. Be6 Rxd6 34. cxd6 Nd8 35. Bxf5+ Kg8 36. Bxe4 1-0

[Event "FIDE World Corporate GpB"]
[Site "New York"]
[Date "2024.06.15"]
[Round "4"]
[White "Li, Ethan"]
[Black "Wiener, Alexandra"]
[Result "1-0"]
[WhiteElo "2224"]
[BlackElo "1860"]
[PlyCount "51"]
[EventDate "2024.06.15"]
[EventType "team-swiss (rapid)"]
[EventRounds "10"]
[EventCountry "USA"]
[SourceTitle "CBM 220 Extra"]
[Source "ChessBase"]
[SourceDate "2024.07.31"]
[SourceVersion "1"]
[SourceVersionDate "2024.07.31"]
[SourceQuality "1"]
[WhiteTeam "SIG"]
[BlackTeam "Goldman Sachs"]
[WhiteTeamCountry "USA"]
[BlackTeamCountry "USA"]

1. d4 Nf6 2. c4 g6 3. Nc3 Bg7 4. e4 d6 5. h3 0-0 6. Nf3 Nfd7 7. Be3 e6 8. Qc2 Nc6 9. 0-0-0 Nb4 10. Qd2 a5 11. Kb1 b6 12. Be2 Na6 13. g4 Bb7 14. a3 c6 15. h4 Nf6 16. Rdg1 c5 17. d5 exd5 18. exd5 Bc8 19. Ne1 Nd7 20. Bh6 Ne5 21. h5 f5 22. hxg6 hxg6 23. Bxg7 Kxg7 24. Qh6+ Kf7 25. f4 Nd7 26. gxf5 1-0

[Event "Pan American Intercollegiate-chT"]
[Site "Chess.com INT"]
[Date "2021.01.06"]
[Round "7"]
[White "Adve, Anshul"]
[Black "Li, Ethan"]
[Result "0-1"]
[WhiteElo "2103"]
[BlackElo "2224"]
[PlyCount "114"]
[EventDate "2021.01.04"]
[EventType "team-swiss (rapid)"]
[EventRounds "9"]
[EventCountry "USA"]
[SourceTitle "CBM 200 Extra"]
[Source "ChessBase"]
[SourceDate "2021.03.31"]
[SourceVersion "1"]
[SourceVersionDate "2021.03.31"]
[SourceQuality "1"]
[WhiteTeam "California Univ"]
[BlackTeam "Princeton II"]
[WhiteTeamCountry "USA"]
[BlackTeamCountry "USA"]

1. c4 c6 2. g3 Nf6 3. Bg2 d5 4. Nf3 Bg4 5. b3 Nbd7 6. Bb2 e6 7. d3 Bd6 8. Nbd2 0-0 9. 0-0 Qe7 10. Qc2 Rfd8 11. e3 Rac8 12. Rfc1 Bh5 13. cxd5 exd5 14. a3 Ne5 15. Nxe5 Bxe5 16. Nf3 Bxb2 17. Qxb2 Qd6 18. b4 Bxf3 19. Bxf3 d4 20. e4 Nd7 21. Bg4 Rc7 22. f4 Nf8 23. Rc4 Ne6 24. Bxe6 fxe6 25. e5 Qd5 26. Qg2 b6 27. Rac1 c5 28. Qxd5 Rxd5 29. Kf2 Kf7 30. Kf3 Ke7 31. Ke4 Kd7 32. g4 a6 33. a4 Ke7 34. a5 bxa5 35. bxc5 a4 36. Rxa4 Rdxc5 37. Rxc5 Rxc5 38. Rxa6 Rc2 39. Ra7+ Kf8 40. Kxd4 Rxh2 41. f5 Rh4 42. fxe6 Rxg4+ 43. Kd5 Rb4 44. d4 h5 45. Ke4 h4 46. Rf7+ Kg8 47. Rf5 g6 48. Rf6 Kg7 49. Rf7+ Kg8 50. Rf4 h3 51. Rh4 Rb3 52. d5 Rb4+ 53. Kf3 Rxh4 54. d6 Kf8 55. Kg3 Rh5 56. e7+ Ke8 57. e6 h2 0-1

[Event "Pan American Intercollegiate-chT"]
[Site "Chess.com INT"]
[Date "2021.01.05"]
[Round "4"]
[White "Baradaran, Arman"]
[Black "Li, Ethan"]
[Result "1-0"]
[WhiteElo "1980"]
[BlackElo "2224"]
[PlyCount "47"]
[EventDate "2021.01.04"]
[EventType "team-swiss (rapid)"]
[EventRounds "9"]
[EventCountry "USA"]
[SourceTitle "CBM 200 Extra"]
[Source "ChessBase"]
[SourceDate "2021.03.31"]
[SourceVersion "1"]
[SourceVersionDate "2021.03.31"]
[SourceQuality "1"]
[WhiteTeam "Berkeley California Univ III"]
[BlackTeam "Princeton II"]
[WhiteTeamCountry "USA"]
[BlackTeamCountry "USA"]

1. d4 Nf6 2. c4 e6 3. g3 d5 4. Nf3 dxc4 5. Bg2 Bd7 6. Ne5 Bc6 7. Nxc6 Nxc6 8. 0-0 Qd7 9. e3 0-0-0 10. Nc3 h5 11. b3 Nd5 12. Bd2 Nb6 13. a4 cxb3 14. Qxb3 Na5 15. Qc2 Kb8 16. Rfb1 c6 17. Nb5 Nac4 18. Nxa7 Nxd2 19. Nxc6+ bxc6 20. Rxb6+ Ka7 21. Rxc6 Bd6 22. Qxd2 Rc8 23. Qa5+ Kb8 24. Rb1+ 1-0

[Event "Pan American Intercollegiate-chT"]
[Site "Chess.com INT"]
[Date "2021.01.05"]
[Round "5"]
[White "Li, Ethan"]
[Black "Zilajeva, Veronika"]
[Result "1-0"]
[WhiteElo "2224"]
[BlackElo "1841"]
[PlyCount "79"]
[EventDate "2021.01.04"]
[EventType "team-swiss (rapid)"]
[EventRounds "9"]
[EventCountry "USA"]
[SourceTitle "CBM 200 Extra"]
[Source "ChessBase"]
[SourceDate "2021.03.31"]
[SourceVersion "1"]
[SourceVersionDate "2021.03.31"]
[SourceQuality "1"]
[WhiteTeam "Princeton II"]
[BlackTeam "Southern California Univ"]
[WhiteTeamCountry "USA"]
[BlackTeamCountry "USA"]

1. d4 d5 2. Nf3 Nf6 3. e3 e6 4. Bd3 Bd6 5. 0-0 0-0 6. b3 c5 7. Bb2 Nc6 8. a3 b6 9. Ne5 Bb7 10. Nd2 Ne7 11. f4 Ne4 12. Nxe4 dxe4 13. Bc4 Nf5 14. Qe2 a6 15. a4 Bxe5 16. dxe5 Qc7 17. Rad1 Rad8 18. g4 Nh4 19. Bxa6 Nf3+ 20. Kg2 Bxa6 21. Qxa6 Rxd1 22. Rxd1 Qe7 23. h3 Rd8 24. Qb7 Qe8 25. Rxd8 Qxd8 26. Qxe4 Nh4+ 27. Kg3 h5 28. Qd3 Qxd3 29. cxd3 Ng6 30. d4 hxg4 31. hxg4 Ne7 32. dxc5 bxc5 33. Ba3 Nc6 34. Bxc5 f6 35. exf6 gxf6 36. b4 Kf7 37. b5 Nb8 38. a5 Ke8 39. a6 Kd7 40. a7 1-0

[Event "Tianjin Prestigious Univ-ch"]
[Site "Tianjin"]
[Date "2019.11.28"]
[Round "8"]
[White "Li, Ethan"]
[Black "Wang, Yue"]
[Result "0-1"]
[WhiteElo "2209"]
[BlackElo "2674"]
[PlyCount "90"]
[EventDate "2019.11.26"]
[EventType "team-tourn"]
[EventRounds "11"]
[EventCountry "CHN"]
[SourceTitle "CBM 193 Extra"]
[Source "ChessBase"]
[SourceDate "2020.01.31"]
[SourceVersion "1"]
[SourceVersionDate "2020.01.31"]
[SourceQuality "1"]

1. d4 Nf6 2. c4 e6 3. Nf3 Bb4+ 4. Bd2 Qe7 5. g3 Nc6 6. Nc3 0-0 7. Bg2 Bxc3 8. Bxc3 Ne4 9. Rc1 d6 10. d5 Nb8 11. Bd4 e5 12. Be3 a5 13. Nd2 Nxd2 14. Qxd2 Nd7 15. b3 Nc5 16. Qc2 f5 17. a3 f4 18. Bxc5 dxc5 19. Be4 h6 20. Rb1 Ra6 21. f3 Bd7 22. g4 a4 23. b4 cxb4 24. axb4 a3 25. c5 Qh4+ 26. Kd2 Bb5 27. Bd3 Bxd3 28. Qxd3 a2 29. Ra1 Rfa8 30. Qc4 Kh8 31. h3 Ra3 32. Rhc1 e4 33. Qxe4 Qf6 34. Qc4 Qe5 35. Qe4 Qb2+ 36. Ke1 Re3 37. Qc2 Qxb4+ 38. Kf1 Rea3 39. Rd1 Rc3 40. Qd2 Qc4 41. Kg2 Rc2 42. Qd3 Qxc5 43. Rd2 Rxd2 44. Qxd2 Qc4 45. Kf1 b5 0-1

[Event "Tianjin Prestigious Univ-ch"]
[Site "Tianjin"]
[Date "2019.11.26"]
[Round "1"]
[White "Oparin, Grigoriy"]
[Black "Li, Ethan"]
[Result "1-0"]
[WhiteElo "2660"]
[BlackElo "2209"]
[PlyCount "93"]
[EventDate "2019.11.26"]
[EventType "team-tourn"]
[EventRounds "11"]
[EventCountry "CHN"]
[SourceTitle "CBM 193 Extra"]
[Source "ChessBase"]
[SourceDate "2020.01.31"]
[SourceVersion "1"]
[SourceVersionDate "2020.01.31"]
[SourceQuality "1"]

1. d4 Nf6 2. c4 e6 3. Nf3 d5 4. g3 dxc4 5. Bg2 Bd7 6. Ne5 Bc6 7. Nxc6 Nxc6 8. 0-0 Qd7 9. e3 0-0-0 10. Nd2 e5 11. Nxc4 exd4 12. Qa4 Kb8 13. Bxc6 Qxc6 14. Qxc6 bxc6 15. Ne5 Rd5 16. Nxc6+ Kb7 17. Nxd4 Bc5 18. Nf3 Rhd8 19. b4 Be7 20. Bb2 Ne8 21. Rab1 Bf6 22. Bxf6 Nxf6 23. Rfc1 Ng4 24. Nd4 Ne5 25. Kg2 g6 26. a4 h5 27. b5 Nd7 28. Rc6 Rc5 29. a5 Ka8 30. Ra6 Nb8 31. Rf6 Rd7 32. h4 Re7 33. Rd1 a6 34. bxa6 Rxa5 35. Rb1 Rc5 36. Rb2 Ka7 37. Kf1 Rd7 38. Ke2 Ka8 39. Kf3 Re7 40. Ke2 Rd7 41. f3 Ka7 42. g4 hxg4 43. fxg4 c6 44. Rb7+ Rxb7 45. axb7 Kxb7 46. Rxf7+ Kb6 47. Rg7 1-0

[Event "New York Int op 10th"]
[Site "New York"]
[Date "2017.06.22"]
[Round "2"]
[White "Li, Ethan"]
[Black "Sturt, Raven M"]
[Result "0-1"]
[WhiteElo "2309"]
[BlackElo "2442"]
[PlyCount "54"]
[EventDate "2017.06.21"]
[EventType "swiss"]
[EventRounds "9"]
[EventCountry "USA"]
[SourceTitle "CBM 179 Extra"]
[Source "ChessBase"]
[SourceDate "2017.08.23"]
[SourceVersion "1"]
[SourceVersionDate "2017.08.23"]
[SourceQuality "1"]

1. d4 d5 2. Nc3 Nf6 3. Bf4 e6 4. e3 Bd6 5. Nf3 0-0 6. Bd3 Bxf4 7. exf4 b6 8. Ne5 c5 9. g4 Nfd7 10. g5 cxd4 11. Rg1 Nxe5 12. fxe5 dxc3 13. Bxh7+ Kxh7 14. Qh5+ Kg8 15. 0-0-0 Qc7 16. f4 Ba6 17. Rg3 cxb2+ 18. Kb1 Rc8 19. Rd2 g6 20. Qh6 Bf1 21. Rf3 Nc6 22. f5 exf5 23. e6 Ne5 24. Rxf1 Nc4 25. Re2 Na3+ 26. Kxb2 Qc3+ 27. Kc1 Qa1+ 0-1

[Event "Windsor NAYCC U18"]
[Site "Windsor"]
[Date "2016.08.10"]
[Round "7.8"]
[White "Li, Ethan"]
[Black "Wang, Jalen"]
[Result "1-0"]
[WhiteElo "2321"]
[BlackElo "2095"]
[PlyCount "131"]
[EventDate "2016.08.07"]
[EventType "swiss"]
[EventRounds "9"]
[EventCountry "CAN"]
[SourceTitle "EXT 2022"]
[Source "ChessBase"]
[SourceDate "2021.10.06"]
[SourceVersion "1"]
[SourceVersionDate "2021.10.06"]
[SourceQuality "1"]

1. d4 c5 2. d5 f5 3. c4 Nf6 4. g3 g6 5. Bg2 d6 6. Nc3 Bg7 7. Nh3 Na6 8. 0-0 0-0 9. Nf4 Nc7 10. Qc2 a6 11. a4 Rb8 12. b3 b5 13. axb5 axb5 14. Bb2 bxc4 15. bxc4 Rb4 16. Ra4 Bd7 17. Rxb4 cxb4 18. Na4 Na6 19. Bd4 Qc7 20. Nb6 Rb8 21. Nxd7 Qxd7 22. Rb1 Nc5 23. Bxc5 dxc5 24. Ne6 Qd6 25. h3 Nd7 26. e4 fxe4 27. Bxe4 Qe5 28. Rb3 Ra8 29. Kg2 Ra1 30. f4 Qf6 31. h4 Nf8 32. Nxc5 Qd4 33. Ne6 Nxe6 34. dxe6 Rd1 35. Kh3 Re1 36. Bf3 Bf6 37. c5 Qg1 38. Rxb4 Rc1 39. Qd3 Kg7 40. Rc4 Re1 41. Rc2 Re3 42. Qd1 Re1 43. Qd5 Re3 44. Qd1 Re1 45. Qd2 Bd4 46. c6 Be3 47. Qg2 Qxg2+ 48. Kxg2 Bb6 49. c7 Bxc7 50. Rxc7 Rxe6 51. g4 Kf8 52. Rc8+ Kg7 53. Kg3 h6 54. Rc6 Re1 55. Kf2 Ra1 56. Be4 Ra2+ 57. Ke3 g5 58. Rg6+ Kf8 59. fxg5 hxg5 60. Rxg5 e6 61. h5 Rh2 62. Kf4 Kf7 63. Rg6 Rh3 64. h6 Ra3 65. Rg7+ Kf6 66. g5# 1-0

[Event "Philadelphia op 8th"]
[Site "Philadelphia"]
[Date "2014.04.19"]
[Round "7"]
[White "Li, Ethan"]
[Black "Ostrovskiy, Aleksandr A"]
[Result "0-1"]
[WhiteElo "2104"]
[BlackElo "2442"]
[PlyCount "60"]
[EventDate "2014.04.16"]
[EventType "swiss"]
[EventRounds "9"]
[EventCountry "USA"]
[SourceTitle "CBM 159 Extra"]
[Source "ChessBase"]
[SourceDate "2014.04.24"]
[SourceVersion "1"]
[SourceVersionDate "2014.04.24"]
[SourceQuality "1"]

1. d4 d5 2. c4 c6 3. Nf3 Nf6 4. e3 Bf5 5. Nc3 e6 6. Nh4 Be4 7. f3 Bg6 8. Nxg6 hxg6 9. Qb3 Qc7 10. Bd2 Nbd7 11. 0-0-0 Be7 12. Kb1 dxc4 13. Bxc4 b5 14. Be2 a6 15. e4 c5 16. e5 c4 17. Qc2 Nd5 18. Nxd5 exd5 19. e6 Nf8 20. exf7+ Kxf7 21. f4 Bf6 22. f5 g5 23. Bf3 Rd8 24. g4 Qb6 25. Be3 b4 26. Ka1 Qa5 27. Qc1 Nd7 28. Bxg5 Nc5 29. dxc5 b3 30. Qb1 c3 0-1

[Event "Philadelphia op 8th"]
[Site "Philadelphia"]
[Date "2014.04.16"]
[Round "1"]
[White "Mulyar, Michael A"]
[Black "Li, Ethan"]
[Result "1-0"]
[WhiteElo "2430"]
[BlackElo "2104"]
[PlyCount "113"]
[EventDate "2014.04.16"]
[EventType "swiss"]
[EventRounds "9"]
[EventCountry "USA"]
[SourceTitle "CBM 159 Extra"]
[Source "ChessBase"]
[SourceDate "2014.04.24"]
[SourceVersion "1"]
[SourceVersionDate "2014.04.24"]
[SourceQuality "1"]

1. d4 Nf6 2. Nf3 d5 3. c4 e6 4. g3 Bb4+ 5. Bd2 a5 6. Qc2 Nc6 7. a3 Bxd2+ 8. Nbxd2 0-0 9. Bg2 Re8 10. 0-0 dxc4 11. Qxc4 e5 12. Ng5 Qd7 13. d5 Nd4 14. e3 Nf5 15. Rac1 Re7 16. Nde4 Nxe4 17. Nxe4 Nd6 18. Qc5 Nxe4 19. Bxe4 Qd6 20. Rc3 f5 21. Bg2 e4 22. Rfc1 Bd7 23. Qxc7 Qxd5 24. Bf1 Kh8 25. Rc5 Qb3 26. Rxa5 Rae8 27. Qc3 Qf7 28. Rc5 Bc6 29. b4 Bd5 30. Bc4 Rd7 31. Bxd5 Rxd5 32. Rxd5 Qxd5 33. Qc8 Rd8 34. Qc5 Qd2 35. Qc3 Qe2 36. Qc8 Qd2 37. Qc3 Qe2 38. Qc8 Qd2 39. Qc2 Qd5 40. Qc4 Qd2 41. Qc2 Qd5 42. a4 h6 43. h4 Rd7 44. a5 Rd8 45. Kh2 Qd7 46. Kg2 Qd5 47. Kg1 Qd7 48. Qb2 Qd6 49. b5 Ra8 50. Qc3 Qd5 51. Qb4 Kh7 52. Qc5 Qd7 53. b6 Re8 54. Qd4 Qe6 55. h5 Re7 56. Rc7 Rf7 57. Qc4 1-0

[Event "Continental Class-ch 4th"]
[Site "Arlington"]
[Date "2013.10.12"]
[Round "6"]
[White "Hetzer, Volkhard"]
[Black "Li, Ethan"]
[Result "0-1"]
[WhiteElo "2022"]
[BlackElo "2065"]
[PlyCount "56"]
[EventDate "2013.10.09"]
[EventType "swiss"]
[EventRounds "9"]
[EventCountry "USA"]
[SourceTitle "CBM 156 Extra"]
[Source "ChessBase"]
[SourceDate "2013.10.22"]
[SourceVersion "1"]
[SourceVersionDate "2013.10.22"]
[SourceQuality "1"]

1. Nf3 Nf6 2. c4 c6 3. d4 d5 4. g3 dxc4 5. Bg2 b5 6. 0-0 e6 7. Ne5 Bb7 8. a4 Qc7 9. Nc3 a6 10. axb5 cxb5 11. Nxb5 axb5 12. Rxa8 Bxg2 13. Rxb8+ Qxb8 14. Kxg2 Bd6 15. Nf3 Qb7 16. Qc2 0-0 17. Bg5 Ne4 18. Kg1 h6 19. Be3 Ra8 20. Rc1 Qd5 21. Ne1 Bb4 22. f3 Nd2 23. Rd1 Nb3 24. Bf2 Bxe1 25. Rxe1 Nxd4 26. Qc3 Nb3 27. Qb4 Rd8 28. Bb6 Qd2 0-1